| 000 | 00412nam a2200145Ia 4500 | ||
|---|---|---|---|
| 008 | 230926s9999 xx 000 0 und d | ||
| 020 | _a9788121902816 | ||
| 041 | _aeng | ||
| 082 | _a654.403/GUP/ | ||
| 100 |
_aGupta Prem Kumar _9204786 |
||
| 245 | _aOperation Research | ||
| 260 |
_bS. Chand & Company Pvt.Ltd., New Delhi _c1998 |
||
| 300 | _aXVI;1055P. | ||
| 500 | _aDoneted by Mr. Tarun Shrivastava, Nagpur | ||
| 999 |
_c356257 _d356257 |
||